Italian Brainrot Animals p. 1 - Statistics

General Stats
  • This quiz has been taken 61 times
  • The average score is 9 of 16
Answer Stats
Picture Answer % Correct
Tralalero Tralala
89%
Tung Tung Tung Sahur
86%
Brr Brr Patapim
77%
Bombardiro Crocodilo
68%
Cappuccino Assassino
66%
Chimpanzini Bananini
66%
Lirili Larila
66%
Trippi Troppi
66%
Ballerina Cappuccina
64%
Boneca Ambalabu
57%
Bombombini Gusini
55%
Frigo Camelo
55%
La Vaca Saturno Saturnita
48%
Trulimero Trulicina
34%
U Din Din Din Din Dun
25%
Girafa Celestre
14%
No matching quizzes found
Score Distribution
Percent of People with Each Score
Percentile by Number Answered
Your Score History
You have not taken this quiz